000 01187nam0a22002891 4500
001 rc\1144451
005 20041129084417.0
035 _a(NLR Aleph) 006390552
090 _a5146752
_c5146752
100 _a20041129d1980 u |0rusy50 ca
101 0 _arus
102 _aRU
105 _aa |||||||||
200 1 _aРодник
_eСтихи, поэмы
_fВладимир Коянто
_gПер. с коряк. авт.
210 _aПетропавловск-Камчатский
_cДальневост. кн. изд-во. Камчат. отд-ние
_d1980
215 _a78 с.
_cпортр.
_d20
327 1 _aСодерж.: Из циклов "Родник", "Каевьель", "Моя звезда"; Поэмы: Струйка; Ыммэ; Оленуха Машка
464 0 _12001#$aИз циклов "Родник", "Каевьель", "Моя звезда"
464 0 _12001#$aСтруйка
464 0 _12001#$a_Ыммэ
464 0 _12001#$aОленуха Машка
700 1 _aКосыгин
_bВ. В.
_f1933-
_gВладимир Владимирович
801 0 _aRU
_bNLR
_gpsbo
801 1 _aRU
_bELAR
_2rusmarc
852 _aNLR
_j80-4/19144
942 _cBOOK
980 _aNB